Les Pinedes de pi blanc : manuals de gestió d'hàbitats / autors: Centre de Recerca Ecològica i Aplicacions Forestals (CREAF) ... [et al.] manuals de gestió d'hàbitats / autors:
ISBN:
978-84-9803-368-7
Publicado:
Barcelona :
Diputació de Barcelona. Àrea d'Espais Naturals, Obra Social 'La Caixa' ,
2010
Descripción Física:
169 p. : il. col., gràf., taules ; 21 cm
Otros Autores:
Centre de Recerca Ecològica i Aplicacions Forestals
MARC
| LEADER | 00000nam a2200000Ia 4500 | ||
|---|---|---|---|
| 001 | 22888 | ||
| 008 | 160829s2010 xx 000 0 cat d | ||
| 020 | |a 978-84-9803-368-7 | ||
| 080 | |a C-3-329 | ||
| 245 | |a Les Pinedes de pi blanc : |b manuals de gestió d'hàbitats / autors: |b Centre de Recerca Ecològica i Aplicacions Forestals (CREAF) ... [et al.] | ||
| 260 | |a Barcelona : |b Diputació de Barcelona. Àrea d'Espais Naturals, Obra Social 'La Caixa', |c 2010 | ||
| 300 | |a 169 p. : |b il. col., gràf., taules ; |c 21 cm | ||
| 590 | |a Bibliografia | ||
| 650 | |a Pi blanc |x Catalunya |9 23381 | ||
| 650 | |a Catalunya |x Política forestal |9 45020 | ||
| 700 | |a Centre de Recerca Ecològica i Aplicacions Forestals |9 45875 | ||
| 710 | 1 | |a Fundació la Caixa. |b Obra Social |9 52754 | |
| 710 | |a Barcelona (Catalunya : Província). |b Àrea d'Espais Naturals |9 9050 | ||
| 901 | |a Arxiu | ||
| 942 | |n 1 | ||
| 952 | |0 0 |1 0 |4 0 |6 C3329 |7 1 |9 53048 |a Arxiu |b Arxiu |d 2016-12-01 |l 0 |o C-3-329 |p 22888 |r 2016-12-01 00:00:00 |w 2016-12-01 |y ARXIU | ||
| 999 | |c 56897 |d 56897 | ||